000 00581nam a22001817a 4500
003 UA-OsUOA
001 13875
007 ta
008 20030622b un ||||| |||| 00| 0 ukr d
100 _aЗагиней С.
942 _cSA
040 _aUA-OsUOA
_cUA-OsUOA
_dUA-OsUOA
245 _aВ ім'я розвитку міста і держави
_b[Про рішення 12 -ї сесії Рівнен. міськради]
300 _aС.6
955 _a0
773 0 _w0
_tСім днів
_dРівне
_d2003
_g№22/30 трав./
650 7 _aКраєзнавча робота
_2UDC
999 _c300036
_d300036